South African Cases and Statuses on Evidence / (Record no. 147)

MARC details
000 -LEADER
fixed length control field 00478nam a22001577a 4500
005 - DATE AND TIME OF INPUT
control field 20231030125753.0
008 - DATA ELEMENTS--GENERAL INFORMATION
fixed length control field 231030b |||||||| |||| 00| 0 eng d
041 ## - LANGUAGE CODE
Language code of text English
082 ## - SHELF NUMBER
DDC number 347.6 MAY
100 ## - MAIN AUTHOR
Main author's name May, HJ
Language of a work English
245 ## - TITLE STATEMENT
Title South African Cases and Statuses on Evidence /
Statement of responsibility, etc. HJ May
260 ## - PUBLICATION, DISTRIBUTION, ETC.
Place of publication, distribution, etc. Cape Town :
Name of publisher, distributor, etc. Juta and Co., Limited,
Date of publication, distribution, etc. 1962
300 ## - PHYSICAL DESCRIPTION
Other physical details xxxiv, 400 pages ;
Dimensions 26 cm.
650 ## - SUBJECT`
Broad subject legal practice
Own subject terms Law
942 ## - ADDED ENTRY ELEMENTS (KOHA)
Item type Books
942 ## - ADDED ENTRY ELEMENTS (KOHA)
-- ALISON_BN_VRIES
Holdings
Source of classification or shelving scheme Not for loan Collection code Home library Current library Shelving location Date acquired Full call number Barcode Price effective from Koha item type
Dewey Decimal Classification   TEXT BOOKS LAW SOCIETY OF NAMIBIA LIBRARY - WINDHOEK LAW SOCIETY OF NAMIBIA LIBRARY - WINDHOEK Evidence law 10/30/2023 347.6 MAY LSN/1987/259 10/30/2023 Books